La Folie Hölderlin : Chronique d'une vie habitante 1806-1843 (notice n° 2164069)
[ vue normale ]
| 000 -LEADER | |
|---|---|
| fixed length control field | 01508cam a2200145 4500500 |
| 005 - DATE AND TIME OF LATEST TRANSACTION | |
| control field | 20260405040659.0 |
| 041 ## - LANGUAGE CODE | |
| Language code of text/sound track or separate title | fre |
| 042 ## - AUTHENTICATION CODE | |
| Authentication code | dc |
| 100 10 - MAIN ENTRY--PERSONAL NAME | |
| Personal name | Agamben, Giorgio |
| Relator term | author |
| 245 00 - TITLE STATEMENT | |
| Title | La Folie Hölderlin : Chronique d'une vie habitante 1806-1843 |
| 260 ## - PUBLICATION, DISTRIBUTION, ETC. | |
| Name of publisher, distributor, etc. | Armand Colin,<br/> |
| Date of publication, distribution, etc. | 2022.<br/> |
| 520 ## - SUMMARY, ETC. | |
| Summary, etc. | Alors que Napoléon est occupé à faire l’Histoire, que Goethe fait éclore Faust et que Hegel esquisse son système philosophique, Friedrich Hölderlin, le grand poète allemand, sombre dans ce qui est peut-être la folie la plus célèbre de l’histoire de la littérature. Est-ce pour le plaisir de s’infliger un confinement de 36 années qu’Hölderlin vivra en reclus jusqu'à sa mort, locataire d’un charpentier dans une tour surplombant le Neckar ? Sa vie se divise exactement en deux moitiés : 36 ans de 1770 à 1806 et 36 ans de 1807 à 1843. Si dans la première moitié le poète vit dans le monde et participe dans la mesure de ses forces aux événements de son temps, la seconde moitié de son existence se passe entièrement en dehors du monde, comme si un mur le séparait de toute relation avec les événements extérieurs. Pour notre époque qui perd de vue la distinction entre les sphères, la vie d’Hölderlin est la prophétie de quelque chose que son siècle ne pouvait penser sans frôler la folie. |
| 700 10 - ADDED ENTRY--PERSONAL NAME | |
| Personal name | Cavallin, Jean-Christophe |
| Relator term | author |
| 856 41 - ELECTRONIC LOCATION AND ACCESS | |
| Uniform Resource Identifier | <a href="https://shs.cairn.info/la-folie-holderlin--9782200632649?lang=fr&redirect-ssocas=7080">https://shs.cairn.info/la-folie-holderlin--9782200632649?lang=fr&redirect-ssocas=7080</a> |
Pas d'exemplaire disponible.




Réseaux sociaux